000
00298nam a2200109Ia 4500
008
230907s9999||||xx |||||||||||||| ||und||
082
_a
660.2969
_b
SMI
245
0
_a
Introduction to chemical engineering thermodynamics /
260
_a
McGraw-Hill,
_b
Chennai :
_c
2017
300
_a
801 p.
942
_c
BK
999
_c
601431
_d
601431